000 00493nam a2200205Ia 4500
005 20240823062139.0
008 240823s9999||||xx |||||||||||||| ||und||
020 _a978-93-5163-580-2
041 _aENGLISH
082 _A005.1 Q6
100 _aDileep Singh
245 0 _aSoftware Project management
250 _a1st
260 _c2016
_bThakur Publi
500 _aYES
650 _aSoftware project
_bSoftware Engineering
700 _a Alka Bajpai
942 _cBK
999 _c235194
_d235194